[Event "Campinas IRT LCX 09th"]
[Site "Campinas"]
[Date "2008.07.15"]
[Round "6"]
[White "Martinez, Carlos Alejandro"]
[Black "Rizzoli, Paulo Roberto"]
[Result "1-0"]
[WhiteElo "2445"]
[BlackElo "1858"]
[PlyCount "65"]
[EventDate "2008.07.15"]
[EventType "tourn"]
[EventRounds "11"]
[EventCountry "BRA"]
[SourceTitle "EXT 2022"]
[Source "ChessBase"]
[SourceDate "2021.10.06"]
[SourceVersion "1"]
[SourceVersionDate "2021.10.06"]
[SourceQuality "1"]

1. c4 Nf6 2. Nc3 g6 3. d4 Bg7 4. e4 d6 5. Be2 0-0 6. Be3 c6 7. g4 e5 8. d5 cxd5 9. cxd5 Qa5 10. f3 a6 11. Bd3 Nbd7 12. Nge2 Nc5 13. Bc2 Qd8 14. Ng3 b5 15. h4 Qa5 16. Qd2 b4 17. Nd1 Bxg4 18. fxg4 Nxg4 19. h5 Nxe3 20. Nxe3 Bh6 21. b3 Bf4 22. Ne2 Bg5 23. Ng3 Qb6 24. Ke2 Rac8 25. Nc4 Qd8 26. Qe1 Qd7 27. Qf2 Bf4 28. Rag1 Na4 29. Nf5 Nc3+ 30. Ke1 Rxc4 31. bxc4 Qc7 32. Qh4 Qxc4 33. Ne7+ 1-0

[Event "Campinas IRT LCX 09th"]
[Site "Campinas"]
[Date "2008.07.15"]
[Round "11"]
[White "Rizzoli, Paulo Roberto"]
[Black "Labegalini, Antonio Luiz"]
[Result "1/2-1/2"]
[WhiteElo "1858"]
[BlackElo "1907"]
[PlyCount "44"]
[EventDate "2008.07.15"]
[EventType "tourn"]
[EventRounds "11"]
[EventCountry "BRA"]
[SourceTitle "EXT 2022"]
[Source "ChessBase"]
[SourceDate "2021.10.06"]
[SourceVersion "1"]
[SourceVersionDate "2021.10.06"]
[SourceQuality "1"]

1. d4 Nf6 2. Nf3 e6 3. c4 b6 4. a3 Bb7 5. e3 Be7 6. Nc3 Ne4 7. Qc2 Nxc3 8. Qxc3 0-0 9. Be2 d5 10. 0-0 dxc4 11. Qxc4 c5 12. Rd1 cxd4 13. Nxd4 Qc8 14. Qxc8 Rxc8 15. b4 Nc6 16. Nxc6 Bxc6 17. Ba6 Rd8 18. Bb2 Ba4 19. Rxd8+ Rxd8 20. Rc1 f6 21. Rc8 Rxc8 22. Bxc8 Kf7 1/2-1/2

[Event "Campinas IRT LCX 06th"]
[Site "Campinas"]
[Date "2008.04.13"]
[Round "5"]
[White "Rizzoli, Paulo Roberto"]
[Black "Fujishima, Edson"]
[Result "1-0"]
[WhiteElo "1902"]
[BlackElo "1864"]
[PlyCount "73"]
[EventDate "2008.04.03"]
[EventType "tourn"]
[EventRounds "11"]
[EventCountry "BRA"]
[SourceTitle "EXT 2022"]
[Source "ChessBase"]
[SourceDate "2021.10.06"]
[SourceVersion "1"]
[SourceVersionDate "2021.10.06"]
[SourceQuality "1"]

1. d4 Nf6 2. c4 g6 3. Nc3 d5 4. Nf3 Bg7 5. e3 0-0 6. Be2 c5 7. cxd5 Nxd5 8. 0-0 cxd4 9. exd4 Nc6 10. Nxd5 Qxd5 11. Be3 Rd8 12. Qc2 Nxd4 13. Nxd4 Bxd4 14. Rfd1 e5 15. Bc4 Qc6 16. Rac1 Bf5 17. Qb3 Qf6 18. Rd2 Bxe3 19. Qxe3 b6 20. h3 Rxd2 21. Qxd2 Rd8 22. Qe3 Be6 23. b3 Bxc4 24. bxc4 Rc8 25. Qe4 Qe6 26. g4 Kg7 27. Rc3 Rc5 28. a4 a5 29. Kh2 Qc6 30. Qc2 e4 31. Kg1 Re5 32. Re3 Kf6 33. Qc3 Ke6 34. f4 Rc5 35. g5 Rxc4 36. Qf6+ Kd5 37. Qe5# 1-0

[Event "Campinas IRT LCX 05th"]
[Site "Campinas"]
[Date "2008.04.11"]
[Round "12"]
[White "Rizzoli, Paulo Roberto"]
[Black "Pucci, Cassio Roberto"]
[Result "1-0"]
[WhiteElo "1902"]
[BlackElo "1897"]
[PlyCount "53"]
[EventDate "2008.03.21"]
[EventType "tourn"]
[EventRounds "13"]
[EventCountry "BRA"]
[SourceTitle "EXT 2022"]
[Source "ChessBase"]
[SourceDate "2021.10.06"]
[SourceVersion "1"]
[SourceVersionDate "2021.10.06"]
[SourceQuality "1"]

1. e4 c5 2. f4 Nc6 3. Nf3 d6 4. Nc3 a6 5. a4 Bg4 6. Be2 Bxf3 7. Bxf3 Nf6 8. d3 e6 9. 0-0 Qc7 10. f5 exf5 11. exf5 Nd4 12. Nd5 Nxd5 13. Bxd5 0-0-0 14. c3 Nc6 15. Re1 f6 16. Bf4 g5 17. fxg6 hxg6 18. Qg4+ Kb8 19. Rab1 g5 20. Bg3 Ne7 21. Be6 Ng6 22. b4 Nf4 23. Bf5 Qc6 24. Bxf4 gxf4 25. b5 axb5 26. Rxb5 Kc7 27. c4 1-0

[Event "Campinas IRT LCX 06th"]
[Site "Campinas"]
[Date "2008.04.03"]
[Round "1"]
[White "Rizzoli, Paulo Roberto"]
[Black "Deus Filho, Joaquim"]
[Result "0-1"]
[WhiteElo "1902"]
[BlackElo "2056"]
[PlyCount "86"]
[EventDate "2008.04.03"]
[EventType "tourn"]
[EventRounds "11"]
[EventCountry "BRA"]
[SourceTitle "EXT 2022"]
[Source "ChessBase"]
[SourceDate "2021.10.06"]
[SourceVersion "1"]
[SourceVersionDate "2021.10.06"]
[SourceQuality "1"]

1. d4 f5 2. Nc3 Nf6 3. Bg5 Ne4 4. Bd2 g6 5. e3 Bg7 6. Bd3 Nxd2 7. Qxd2 e6 8. Nge2 b6 9. e4 Bb7 10. f3 Qe7 11. Nb5 d6 12. 0-0-0 a6 13. Nbc3 Nc6 14. d5 Ne5 15. Nd4 Nxd3+ 16. Qxd3 Bxd4 17. Qxd4 e5 18. Qd2 0-0-0 19. h4 f4 20. a4 Kb8 21. Kb1 h6 22. Rh2 g5 23. hxg5 hxg5 24. Rdh1 Qg7 25. Qf2 Rxh2 26. Rxh2 Rh8 27. g4 fxg3 28. Qxg3 Rxh2 29. Qxh2 Bc8 30. Qh5 Bd7 31. b3 Kb7 32. Kc1 Qf6 33. Kb2 Qf4 34. b4 Qe3 35. Qf7 Bh3 36. b5 a5 37. Qh5 Bg2 38. Nb1 Bxf3 39. Qe8 g4 40. Qc6+ Kb8 41. Qe8+ Ka7 42. Qg6 Qxe4 43. Qg7 Kb7 0-1

[Event "Campinas IRT LCX 05th"]
[Site "Campinas"]
[Date "2008.03.30"]
[Round "7"]
[White "Rizzoli, Paulo Roberto"]
[Black "Rouanet, Luiz Paulo"]
[Result "0-1"]
[WhiteElo "1902"]
[BlackElo "2056"]
[PlyCount "82"]
[EventDate "2008.03.21"]
[EventType "tourn"]
[EventRounds "13"]
[EventCountry "BRA"]
[SourceTitle "EXT 2022"]
[Source "ChessBase"]
[SourceDate "2021.10.06"]
[SourceVersion "1"]
[SourceVersionDate "2021.10.06"]
[SourceQuality "1"]

1. d4 d5 2. c4 c6 3. Nc3 Nf6 4. Bg5 Ne4 5. Qc1 Nxg5 6. Qxg5 Qb6 7. Qd2 dxc4 8. e3 Bf5 9. Bxc4 e6 10. a3 a5 11. Nf3 h6 12. 0-0 Be7 13. e4 Bh7 14. d5 exd5 15. exd5 0-0 16. d6 Bf6 17. Rad1 Nd7 18. Na4 Qa7 19. Bd3 Bxd3 20. Qxd3 Rfe8 21. h3 Rad8 22. Rd2 Re6 23. Rfd1 b5 24. Nc3 Nc5 25. Qf5 b4 26. Ne2 Ne4 27. Nf4 Nxd2 28. Nxe6 Nxf3+ 29. gxf3 fxe6 30. Qxe6+ Qf7 31. Qe4 c5 32. axb4 axb4 33. Qc6 Qg6+ 34. Kf1 Bd4 35. Qd5+ Qf7 36. Qc6 Qc4+ 37. Kg2 Qe6 38. b3 Rxd6 39. Qa8+ Kf7 40. Qb7+ Kf6 41. Qb8 Rd5 0-1

[Event "Campinas IRT LCX 05th"]
[Site "Campinas"]
[Date "2008.03.23"]
[Round "4"]
[White "Da Silva, Giovanni Bellotti"]
[Black "Rizzoli, Paulo Roberto"]
[Result "0-1"]
[WhiteElo "1832"]
[BlackElo "1902"]
[PlyCount "90"]
[EventDate "2008.03.21"]
[EventType "tourn"]
[EventRounds "13"]
[EventCountry "BRA"]
[SourceTitle "EXT 2022"]
[Source "ChessBase"]
[SourceDate "2021.10.06"]
[SourceVersion "1"]
[SourceVersionDate "2021.10.06"]
[SourceQuality "1"]

1. e4 c5 2. Nf3 d6 3. d4 cxd4 4. Nxd4 a6 5. Nc3 g6 6. Be3 Bg7 7. f3 Nf6 8. Bc4 Bd7 9. a4 Qb6 10. Nf5 Qxb2 11. Nxg7+ Kf8 12. Bd4 Qb4 13. Qd3 Kxg7 14. Rb1 Qa5 15. e5 Nh5 16. Bb6 Qxe5+ 17. Kf1 Qf5 18. Ne4 Nf4 19. Qc3+ f6 20. g4 Nd5 21. gxf5 Nxc3 22. Nxc3 Rc8 23. Nd5 Rxc4 24. Nc7 Rxc7 25. Bxc7 Bc6 26. fxg6 hxg6 27. Kf2 Nd7 28. Rhe1 Re8 29. Bxd6 e5 30. a5 Kf7 31. h4 Ke6 32. Ba3 Rh8 33. Kg3 Rh5 34. Rb3 Rf5 35. Rd1 Rf4 36. Rbd3 Kf5 37. Be7 e4 38. fxe4+ Rxe4 39. Rf1+ Ke6 40. Ba3 Ne5 41. Rd6+ Kf7 42. Rdxf6+ Kg7 43. Bb2 Rg4+ 44. Kf2 Kxf6 45. Ke3+ Ke6 0-1

[Event "Campinas IRT LCX 05th"]
[Site "Campinas"]
[Date "2008.03.23"]
[Round "5"]
[White "Rizzoli, Paulo Roberto"]
[Black "Souza Pinto, Marcelo Kim Man"]
[Result "0-1"]
[WhiteElo "1902"]
[BlackElo "1909"]
[PlyCount "32"]
[EventDate "2008.03.21"]
[EventType "tourn"]
[EventRounds "13"]
[EventCountry "BRA"]
[SourceTitle "EXT 2022"]
[Source "ChessBase"]
[SourceDate "2021.10.06"]
[SourceVersion "1"]
[SourceVersionDate "2021.10.06"]
[SourceQuality "1"]

1. d4 Nf6 2. Nc3 g6 3. e4 d6 4. Be3 Bg7 5. Qd2 Ng4 6. Bf4 c5 7. Nge2 cxd4 8. Nd5 Nc6 9. h3 Nf6 10. Nxf6+ Bxf6 11. f3 Be6 12. g4 Qb6 13. Qc1 d3 14. Nc3 Bh4+ 15. Kd1 Qf2 16. Bxd3 Qxf3+ 0-1

[Event "Campinas IRT LCX 05th"]
[Site "Campinas"]
[Date "2008.03.22"]
[Round "3"]
[White "Rizzoli, Paulo Roberto"]
[Black "Pereira, Marcio Machado"]
[Result "1-0"]
[WhiteElo "1902"]
[BlackElo "1656"]
[PlyCount "79"]
[EventDate "2008.03.21"]
[EventType "tourn"]
[EventRounds "13"]
[EventCountry "BRA"]
[SourceTitle "EXT 2022"]
[Source "ChessBase"]
[SourceDate "2021.10.06"]
[SourceVersion "1"]
[SourceVersionDate "2021.10.06"]
[SourceQuality "1"]

1. d4 Nf6 2. c4 g6 3. Nc3 Bg7 4. Nf3 d5 5. e3 0-0 6. Be2 e6 7. cxd5 Nxd5 8. 0-0 Nxc3 9. bxc3 c5 10. Ba3 b6 11. Nd2 Ba6 12. Rc1 Bxe2 13. Qxe2 Nd7 14. Rfd1 Qc7 15. f4 Rfc8 16. Ne4 f5 17. Ng5 Qc6 18. Qc4 Re8 19. d5 exd5 20. Rxd5 b5 21. Qd3 Rxe3 22. Qd2 Nf6 23. Rd6 Re2 24. Rxc6 Rxd2 25. Bxc5 Ne4 26. Ne6 Nxc3 27. Kf1 Rd1+ 28. Rxd1 Nxd1 29. Ke1 Nc3 30. Nxg7 Nd5 31. Ne6 Re8 32. Kf2 Nc3 33. a3 Ne4+ 34. Kf3 Nd2+ 35. Ke2 Nb3 36. Kd3 Rxe6 37. Rc8+ Kg7 38. Bxa7 Re4 39. Bb8 Nc1+ 40. Rxc1 1-0

[Event "Campinas IRT 3rd"]
[Site "Campinas"]
[Date "2007.10.06"]
[Round "2"]
[White "De Moraes, Francisco Jose Baen"]
[Black "Rizzoli, Paulo Roberto"]
[Result "1-0"]
[WhiteElo "1888"]
[BlackElo "1888"]
[PlyCount "49"]
[EventDate "2007.10.05"]
[EventType "tourn"]
[EventRounds "11"]
[EventCountry "BRA"]
[SourceTitle "EXT 2022"]
[Source "ChessBase"]
[SourceDate "2021.10.06"]
[SourceVersion "1"]
[SourceVersionDate "2021.10.06"]
[SourceQuality "1"]

1. e4 c5 2. Nf3 d6 3. d4 cxd4 4. Nxd4 Nf6 5. Nc3 g6 6. f3 Bg7 7. Be3 a6 8. Qd2 Nc6 9. Bc4 Na5 10. Be2 Nc6 11. 0-0-0 Qc7 12. g4 b5 13. g5 Nd7 14. Nd5 Qb7 15. f4 Nc5 16. Bf3 Ne6 17. Nxc6 Qxc6 18. e5 Kf8 19. Rhf1 Rb8 20. Nxe7 Qd7 21. Nc6 Rb7 22. exd6 b4 23. Ne5 Qa4 24. Bxb7 Qxa2 25. Qxb4 1-0

[Event "Campinas IRT 1st"]
[Site "Campinas"]
[Date "2007.04.11"]
[Round "12"]
[White "De Sousa, Lucas Mazim"]
[Black "Rizzoli, Paulo Roberto"]
[Result "0-1"]
[WhiteElo "1717"]
[BlackElo "1888"]
[PlyCount "38"]
[EventDate "2007.04.11"]
[EventType "tourn"]
[EventRounds "18"]
[EventCountry "BRA"]
[SourceTitle "EXT 2022"]
[Source "ChessBase"]
[SourceDate "2021.10.06"]
[SourceVersion "1"]
[SourceVersionDate "2021.10.06"]
[SourceQuality "1"]

1. d4 d5 2. c4 c6 3. Nc3 Nf6 4. Nf3 e6 5. cxd5 cxd5 6. Bg5 Be7 7. e3 0-0 8. Bd3 Nbd7 9. 0-0 a6 10. Rc1 b5 11. Qc2 Bb7 12. Ne5 Rc8 13. Qe2 Nxe5 14. dxe5 Nd7 15. Bxe7 Qxe7 16. f4 Ba8 17. a4 bxa4 18. Nxa4 Qb4 19. Nc3 Nc5 0-1

[Event "Campinas IRT 1st"]
[Site "Campinas"]
[Date "2007.04.11"]
[Round "14"]
[White "De Sousa, Matheus Mazim"]
[Black "Rizzoli, Paulo Roberto"]
[Result "1-0"]
[WhiteElo "1825"]
[BlackElo "1888"]
[PlyCount "41"]
[EventDate "2007.04.11"]
[EventType "tourn"]
[EventRounds "18"]
[EventCountry "BRA"]
[SourceTitle "EXT 2022"]
[Source "ChessBase"]
[SourceDate "2021.10.06"]
[SourceVersion "1"]
[SourceVersionDate "2021.10.06"]
[SourceQuality "1"]

1. Nf3 d5 2. g3 e6 3. Bg2 Nf6 4. 0-0 Be7 5. d3 c5 6. Bg5 Nc6 7. Nc3 0-0 8. e4 dxe4 9. dxe4 Qxd1 10. Rfxd1 b6 11. e5 Nd7 12. Nh4 Bxg5 13. Bxc6 Rb8 14. Bxd7 Bxh4 15. Bxc8 Bxg3 16. hxg3 Rbxc8 17. Rd7 Rfd8 18. Rad1 Rxd7 19. Rxd7 a5 20. Nb5 Rb8 21. Nd6 1-0

[Event "Campinas IRT 1st"]
[Site "Campinas"]
[Date "2007.04.11"]
[Round "8"]
[White "Hermenegildo, Adriano"]
[Black "Rizzoli, Paulo Roberto"]
[Result "1/2-1/2"]
[WhiteElo "2028"]
[BlackElo "1888"]
[PlyCount "46"]
[EventDate "2007.04.11"]
[EventType "tourn"]
[EventRounds "18"]
[EventCountry "BRA"]
[SourceTitle "EXT 2022"]
[Source "ChessBase"]
[SourceDate "2021.10.06"]
[SourceVersion "1"]
[SourceVersionDate "2021.10.06"]
[SourceQuality "1"]

1. d4 d5 2. Nf3 Nf6 3. c4 e6 4. Nc3 Be7 5. Bg5 0-0 6. e3 c5 7. cxd5 exd5 8. dxc5 Be6 9. Be2 Bxc5 10. 0-0 Be7 11. Qa4 Nc6 12. Rfd1 h6 13. Bxf6 Bxf6 14. Qb3 Qb6 15. Qxb6 axb6 16. Nxd5 Bxd5 17. Rxd5 Bxb2 18. Rb1 Bf6 19. Rxb6 Rxa2 20. Rd2 Ra1+ 21. Rd1 Rfa8 22. Rbb1 Rxb1 23. Rxb1 Ra1 1/2-1/2

[Event "Campinas IRT 1st"]
[Site "Campinas"]
[Date "2007.04.11"]
[Round "3"]
[White "Rizzoli, Paulo Roberto"]
[Black "De Sousa, Lucas Mazim"]
[Result "1-0"]
[WhiteElo "1888"]
[BlackElo "1717"]
[PlyCount "34"]
[EventDate "2007.04.11"]
[EventType "tourn"]
[EventRounds "18"]
[EventCountry "BRA"]
[SourceTitle "EXT 2022"]
[Source "ChessBase"]
[SourceDate "2021.10.06"]
[SourceVersion "1"]
[SourceVersionDate "2021.10.06"]
[SourceQuality "1"]

1. e4 c5 2. Nf3 e6 3. Bc4 b6 4. Nc3 Nc6 5. a4 Nf6 6. d3 Be7 7. 0-0 0-0 8. Bf4 d6 9. h3 Bb7 10. e5 dxe5 11. Nxe5 Nd4 12. Ne2 Nd5 13. Bh2 Nxe2+ 14. Qxe2 Bd6 15. Bb3 Qg5 16. f4 Qh6 17. Qf3 Bxe5 1-0

[Event "Campinas IRT 1st"]
[Site "Campinas"]
[Date "2007.04.11"]
[Round "5"]
[White "Rizzoli, Paulo Roberto"]
[Black "De Sousa, Matheus Mazim"]
[Result "1-0"]
[WhiteElo "1888"]
[BlackElo "1825"]
[PlyCount "105"]
[EventDate "2007.04.11"]
[EventType "tourn"]
[EventRounds "18"]
[EventCountry "BRA"]
[SourceTitle "EXT 2022"]
[Source "ChessBase"]
[SourceDate "2021.10.06"]
[SourceVersion "1"]
[SourceVersionDate "2021.10.06"]
[SourceQuality "1"]

1. d4 Nf6 2. Nf3 d6 3. c4 Nbd7 4. Nc3 e5 5. dxe5 Nxe5 6. Nxe5 dxe5 7. Qxd8+ Kxd8 8. Bg5 c6 9. Ne4 Be7 10. 0-0-0+ Kc7 11. Nxf6 Bxf6 12. Bxf6 gxf6 13. e3 Be6 14. Be2 f5 15. f4 e4 16. b3 Rad8 17. c5 Rxd1+ 18. Rxd1 Rd8 19. Rxd8 Kxd8 20. Kc2 Ke7 21. Kc3 Kf6 22. Kd4 h6 23. g3 Bd7 24. b4 Be6 25. a4 Bb3 26. a5 a6 27. g4 Be6 28. gxf5 Bxf5 29. Bf1 Ke6 30. Bg2 Kf6 31. Bxe4 Bd7 32. Bc2 Ke6 33. e4 f6 34. Bb3+ Ke7 35. Ke3 Bc8 36. Kf3 Bd7 37. Kg3 Bc8 38. Bd1 f5 39. exf5 Kf6 40. Bb3 Bxf5 41. Bd1 Bd3 42. Bg4 Ke7 43. Bc8 Kd8 44. Be6 Ke7 45. f5 Kf6 46. Kf4 Bb1 47. Bc8 Bd3 48. Bxb7 Bb5 49. h4 h5 50. Bc8 Bd3 51. Bd7 Bb5 52. Be8 Bd3 53. Bxc6 1-0

[Event "Campinas IRT 1st"]
[Site "Campinas"]
[Date "2007.04.11"]
[Round "13"]
[White "Rizzoli, Paulo Roberto"]
[Black "Fujishima, Edson"]
[Result "1/2-1/2"]
[WhiteElo "1888"]
[BlackElo "1888"]
[PlyCount "44"]
[EventDate "2007.04.11"]
[EventType "tourn"]
[EventRounds "18"]
[EventCountry "BRA"]
[SourceTitle "EXT 2022"]
[Source "ChessBase"]
[SourceDate "2021.10.06"]
[SourceVersion "1"]
[SourceVersionDate "2021.10.06"]
[SourceQuality "1"]

1. d4 Nf6 2. c4 g6 3. Nc3 Bg7 4. e4 d6 5. Nf3 0-0 6. Be2 e5 7. dxe5 dxe5 8. 0-0 Nc6 9. Bg5 Bg4 10. Qxd8 Raxd8 11. Bxf6 Bxf6 12. Nd5 Bg7 13. Nxc7 Bxf3 14. Bxf3 Nd4 15. Nd5 f5 16. exf5 gxf5 17. Bd1 b5 18. b3 Rf7 19. Rc1 bxc4 20. bxc4 Rb7 21. Rc3 Rc8 22. Re1 e4 1/2-1/2

[Event "Campinas IRT 1st"]
[Site "Campinas"]
[Date "2007.04.11"]
[Round "9"]
[White "Rizzoli, Paulo Roberto"]
[Black "Hengles, Roberto Carlos"]
[Result "0-1"]
[WhiteElo "1888"]
[BlackElo "1944"]
[PlyCount "40"]
[EventDate "2007.04.11"]
[EventType "tourn"]
[EventRounds "18"]
[EventCountry "BRA"]
[SourceTitle "EXT 2022"]
[Source "ChessBase"]
[SourceDate "2021.10.06"]
[SourceVersion "1"]
[SourceVersionDate "2021.10.06"]
[SourceQuality "1"]

1. e4 d5 2. exd5 Qxd5 3. Nf3 Bg4 4. Be2 Nf6 5. Nc3 Qa5 6. 0-0 Nc6 7. d3 0-0-0 8. h3 Bh5 9. a3 Bxf3 10. Bxf3 e6 11. Bxc6 bxc6 12. Bd2 Bd6 13. Ne4 Qf5 14. Nxd6+ cxd6 15. Qe2 Kd7 16. Be3 Ra8 17. Rfe1 Ke7 18. b4 a6 19. Red1 Rhg8 20. Qd2 Nd5 0-1